Clinical anesthesia. -- 4th ed. (Record no. 30987)

MARC details
000 -LEADER
fixed length control field 00825nam a2200217 a 4500
008 - FIXED-LENGTH DATA ELEMENTS--GENERAL INFORMATION
fixed length control field 111005s2001 ||||||||||||||||| || u
020 ## - INTERNATIONAL STANDARD BOOK NUMBER
International Standard Book Number 0781722683
050 ## - LIBRARY OF CONGRESS CALL NUMBER
Classification number RD 81 Cli
100 ## - MAIN ENTRY--PERSONAL NAME
Personal name Cullen, Bruce F
245 10 - TITLE STATEMENT
Title Clinical anesthesia. -- 4th ed.
Statement of responsibility, etc. edited by Paul G. Barash, Bruce F. Cullen and Robert K. Stoelting
250 ## - EDITION STATEMENT
Edition statement 4th ed.
260 ## - PUBLICATION, DISTRIBUTION, ETC.
Place of publication, distribution, etc. Philadelphia, PA
Name of publisher, distributor, etc. Lippincott Williams & Wilkins
Date of publication, distribution, etc. 2001
300 ## - PHYSICAL DESCRIPTION
Extent xvi, 1576p.: ill.
350 ## -
-- 0.00
650 ## - SUBJECT ADDED ENTRY--TOPICAL TERM
Topical term or geographic name entry element MEDICINE
650 ## - SUBJECT ADDED ENTRY--TOPICAL TERM
Topical term or geographic name entry element ANESTHESIA
650 ## - SUBJECT ADDED ENTRY--TOPICAL TERM
Topical term or geographic name entry element ANESTHESIOLOGY--HANDBOOKS, MANUALS, ETC
700 ## - ADDED ENTRY--PERSONAL NAME
Personal name Barash, Paul G
700 ## - ADDED ENTRY--PERSONAL NAME
Personal name Stoelting, Robert K
995 ## -
-- MEDICAL LIBRARY OPEN ACCESS
-- 0.00
-- 901486
-- CBU-SCHOOL OF MEDICINE LIBRARY (Ndola)
-- 1
-- 0.00
-- RD 81 CLI
-- 1
-- AVAILABLE
-- Dec 8, 2011
-- 901486
-- Medical Library Open Access Collection
999 ## -
-- 30987
-- 30987
Holdings
Withdrawn status Lost status Source of classification or shelving scheme Damaged status Not for loan Permanent Location Current Location Shelving location Date acquired Total Checkouts Full call number Barcode Date last seen Price effective from Koha item type
          CBU-SCHOOL OF MEDICINE LIBRARY, NDOLA. CBU-SCHOOL OF MEDICINE LIBRARY, NDOLA.   11/30/2022   RD 81 Cli 901486 11/30/2022 11/30/2022 MONOGRAPH